[Event "GABIJ "]
[Site "SchemingMind.com"]
[Date "2024.01.07"]
[Round "-"]
[White "Derek Price"]
[Black "Archon"]
[Result "1-0"]
[WhiteCountry "ENG"]
[BlackCountry "CAN"]
[WhiteElo "2349"]
[WhiteRD "70"]
[BlackElo "1753"]
[BlackRD "57"]
[GameID "741159"]

1. c4 Nf6 2. g3 g6 3. Bg2 Bg7 4. Nc3 O-O 5. d4 c6 6. Nf3 d5 7. cxd5 cxd5 8. Ne5 e6 9. O-O Nc6 10. Nxc6 bxc6
11. Na4 Nd7 12. Bf4 Qa5 13. a3 c5 14. Nxc5 Nxc5 15. b4 Qd8 16. bxc5 Ba6 17. Qd2 Qf6 18. Rfd1 Bc4 19. Rab1 Qe7 20. Bd6 Qd7
21. Bxf8 Kxf8 22. e3 e5 23. dxe5 Bxe5 24. Rb4 Qc6 25. Rxc4
1-0

[Event "GABIJ "]
[Site "SchemingMind.com"]
[Date "2024.01.07"]
[Round "-"]
[White "Archon"]
[Black "Derek Price"]
[Result "0-1"]
[WhiteCountry "CAN"]
[BlackCountry "ENG"]
[WhiteElo "1753"]
[WhiteRD "57"]
[BlackElo "2349"]
[BlackRD "70"]
[GameID "741160"]

1. d4 d5 2. Bf4 Nf6 3. e3 e6 4. Nd2 c5 5. c3 Nc6 6. Ngf3 Bd6 7. Bg3 O-O 8. Bd3 Re8 9. Ne5 Ne7 10. f4 Rf8
11. Bh4 Ne8 12. Qh5 g6 13. Qh6 cxd4 14. Ndf3 f6 15. Nxg6 Nxg6 16. Ng5 fxg5 17. Bxg5 Qc7
0-1

[Event "GABIJ "]
[Site "SchemingMind.com"]
[Date "2024.01.07"]
[Round "-"]
[White "Derek Price"]
[Black "Martin E. Hardwick"]
[Result "1-0"]
[WhiteCountry "ENG"]
[BlackCountry "ENG"]
[WhiteElo "2349"]
[WhiteRD "70"]
[BlackElo "1054"]
[BlackRD "79"]
[GameID "741161"]

1. c4 Nf6 2. g3 e6 3. Bg2 d5 4. Nf3 c6 5. b3 c5 6. cxd5 Qxd5 7. Nc3 Qc6 8. O-O Qc7 9. Bb2 Be7 10. Rc1 O-O
11. Na4 Rd8 12. Qc2 b6 13. Be5 Bd6 14. Bxd6 Qxd6 15. d4 Bb7 16. dxc5 Qd5 17. Rfd1 Qxd1+ 18. Rxd1 Rxd1+ 19. Qxd1 Nc6 20. Ne5 Nxe5
21. Bxb7 Rb8 22. Qd6 Re8 23. Qxe5 h6 24. c6 Rd8 25. c7 Rd1+ 26. Kg2 Kh7 27. c8=Q
1-0

[Event "GABIJ "]
[Site "SchemingMind.com"]
[Date "2024.01.07"]
[Round "-"]
[White "Martin E. Hardwick"]
[Black "Derek Price"]
[Result "0-1"]
[WhiteCountry "ENG"]
[BlackCountry "ENG"]
[WhiteElo "1137"]
[WhiteRD "73"]
[BlackElo "2345"]
[BlackRD "69"]
[GameID "741162"]

1. e4 c5 2. Nf3 d6 3. Nc3 a6 4. Be2 Nf6 5. d4 cxd4 6. Nxd4 e6 7. Nf3 Qc7 8. Bg5 Be7 9. e5 dxe5 10. O-O O-O
11. Bd3 Nc6 12. Bxf6 Bxf6 13. Bxh7+ Kxh7 14. Qd3+ g6 15. Rfe1 Kg7 16. Qe4 b5 17. Qg4 Nd4 18. Nh4 Nxc2 19. Ne4 Nxe1 20. Nxf6 Kxf6
21. Rxe1 Bb7 22. Nf3 Bxf3 23. Qxf3+ Kg7 24. h3 Rac8 25. Qd1 Rfd8 26. Qb1 Qc2 27. Qa1 Rd2 28. Rf1 Rcd8 29. Qe1 R8d5 30. Qe3 Rd1
31. Re1 Rxe1+ 32. Qxe1 Rd1 33. Kf1 Qc4+ 34. Kg1 Rxe1+ 35. Kh2 Qf4+
0-1

[Event "GABIJ "]
[Site "SchemingMind.com"]
[Date "2024.01.07"]
[Round "-"]
[White "Derek Price"]
[Black "MazetaFighter"]
[Result "1-0"]
[WhiteCountry "ENG"]
[BlackCountry "GRE"]
[WhiteElo "2373"]
[WhiteRD "71"]
[BlackElo "2134"]
[BlackRD "77"]
[GameID "741163"]

1. c4 e6 2. g3 Nc6 3. Bg2 Nf6 4. Nf3 d5 5. O-O Be7 6. d4 O-O 7. b3 b6 8. Bb2 Bb7 9. Nbd2 Nd7 10. e4 dxe4
11. Nxe4 Nf6 12. Nc3 Rb8 13. Re1 Bb4 14. a3 Bxc3 15. Bxc3 Re8 16. Ra2 Ne7 17. Rae2 Ng6 18. d5 Nf8 19. Qa1 b5 20. Nd2 bxc4
21. bxc4 h6 22. h4 Ba8 23. Ne4 Nxe4 24. Rxe4 f6 25. R4e3 Qd7 26. Bh3 Qa4 27. Bxf6 exd5 28. Re7 Rxe7 29. Rxe7 gxf6 30. Qxf6 Rb1+
31. Kh2
1-0

[Event "GABIJ "]
[Site "SchemingMind.com"]
[Date "2024.01.11"]
[Round "-"]
[White "MazetaFighter"]
[Black "Derek Price"]
[Result "0-1"]
[WhiteCountry "GRE"]
[BlackCountry "ENG"]
[WhiteElo "2134"]
[WhiteRD "77"]
[BlackElo "2373"]
[BlackRD "71"]
[GameID "741164"]

1. e4 c5 2. Nf3 d6 3. d4 cxd4 4. Nxd4 Nf6 5. Nc3 a6 6. Bc4 e6 7. Bb3 b5 8. O-O Be7 9. Qf3 Qb6 10. Be3 Qb7
11. Qg3 b4 12. Na4 Nbd7 13. f3 O-O 14. Kh1 Ne5 15. a3 bxa3 16. bxa3 Rb8 17. Rfd1 Qc7 18. Ne2 Re8 19. Nac3 Bb7 20. Rab1 Ba8
21. Ba4 Red8 22. Rxb8 Rxb8 23. Bb3 Nc4 24. Bg1 Na5 25. Ba2 Rc8 26. Rb1 Nc4 27. a4 Nd7 28. Bd4 Bf8 29. Rb4 d5 30. Qxc7 Rxc7
31. Rb1 e5
0-1

[Event "GABIJ "]
[Site "SchemingMind.com"]
[Date "2024.01.07"]
[Round "-"]
[White "Derek Price"]
[Black "Phillip Beckett"]
[Result "1-0"]
[WhiteCountry "ENG"]
[BlackCountry "ENG"]
[WhiteElo "2349"]
[WhiteRD "70"]
[BlackElo "1499"]
[BlackRD "52"]
[GameID "741165"]

1. c4 e5 2. Nc3 Nf6 3. Nf3 Nc6 4. g3 d5 5. cxd5 Nxd5 6. Bg2 Be6 7. O-O f6 8. d4 Nxc3 9. bxc3 exd4 10. cxd4 Bd5
11. e4 Bc4 12. Re1 Bb4 13. Bd2 Bxd2 14. Qxd2 O-O 15. d5 Ne5 16. Nxe5 fxe5 17. Qc3 Ba6 18. Qxe5 Qd7 19. Qd4 b6 20. Rad1 Rad8
21. e5 c5 22. Qe4 Qf5 23. Qxf5 Rxf5 24. e6 Bb5 25. d6 Ba4 26. e7 Re8 27. d7
1-0

[Event "GABIJ "]
[Site "SchemingMind.com"]
[Date "2024.01.07"]
[Round "-"]
[White "Phillip Beckett"]
[Black "Derek Price"]
[Result "0-1"]
[WhiteCountry "ENG"]
[BlackCountry "ENG"]
[WhiteElo "1461"]
[WhiteRD "52"]
[BlackElo "2345"]
[BlackRD "69"]
[GameID "741166"]

1. e4 c5 2. Nf3 d6 3. d4 cxd4 4. Nxd4 Nf6 5. Nc3 a6 6. Bg5 e6 7. f4 Be7 8. Qf3 Qc7 9. O-O-O Nbd7 10. Bd3 h6
11. Bh4 g5 12. fxg5 Ne5 13. Qe2 Nfg4 14. Bg3 hxg5 15. h3 Nf6 16. Bxe5 dxe5 17. Nf3 Nh5 18. Nh2 Ng3 19. Qf2 Nxh1 20. Rxh1 Qc5
21. Qxc5 Bxc5 22. Ng4 Bd6 23. Nf6+ Ke7 24. Ng4 Bd7 25. Rf1 Raf8 26. Nf6 Bc6 27. Ng4 f6 28. Ne3 Bc5 29. Nc4 b5 30. Nd2 Rfg8
31. Nb3 Bb6 32. Ne2 g4 33. hxg4 Rxg4 34. Ng1 Bxe4 35. Bxe4 Rxe4 36. Nf3 Rg4 37. Re1 Rxg2 38. c3 Rh3
0-1

[Event "GABIJ "]
[Site "SchemingMind.com"]
[Date "2024.01.11"]
[Round "-"]
[White "Derek Price"]
[Black "JimM"]
[Result "1-0"]
[WhiteCountry "ENG"]
[BlackCountry "USA"]
[WhiteElo "2373"]
[WhiteRD "71"]
[BlackElo "1702"]
[BlackRD "100"]
[GameID "741167"]

1. c4 e5 2. Nc3 Nf6 3. Nf3 Nc6 4. g3 d5 5. cxd5 Nxd5 6. Bg2 Nb6 7. O-O Be7 8. a3 O-O 9. b4 Bd7 10. b5 Nd4
11. Nxe5 Bc8 12. e3 Nf5 13. d4 Be6 14. Bxb7 Rb8 15. Bg2 Qe8 16. Nc6 Rc8 17. Nxa7 Rb8 18. Nc6 Rc8 19. a4 Bd6 20. a5 Nd7
21. d5
1-0

[Event "GABIJ "]
[Site "SchemingMind.com"]
[Date "2024.01.07"]
[Round "-"]
[White "JimM"]
[Black "Derek Price"]
[Result "*"]
[WhiteCountry "USA"]
[BlackCountry "ENG"]
[WhiteElo "1702"]
[WhiteRD "100"]
[BlackElo "2373"]
[BlackRD "71"]
[GameID "741168"]

1. e4 c5 2. Nf3 d6 3. d4 cxd4 4. Nxd4 Nf6 5. Nc3 a6 6. Be3 e5 7. Nb3 Be6 8. f3 Be7 9. Nd5 Nxd5 10. exd5 Bf5
11. Qd2 Nd7 12. Be2 O-O 13. O-O h6 14. g4 Bg6 15. f4 exf4 16. Bxf4 Re8 17. Rae1 Bh4 18. Rd1 Nf6 19. Bf3 Ne4 20. Qb4 a5
21. Qxb7 Bg5 22. Bxg5 Nxg5 23. Bg2 Rb8 24. Qa6
*

[Event "GABIJ "]
[Site "SchemingMind.com"]
[Date "2024.01.07"]
[Round "-"]
[White "Derek Price"]
[Black "JAHI"]
[Result "*"]
[WhiteCountry "ENG"]
[BlackCountry "INT"]
[WhiteElo "2373"]
[WhiteRD "71"]
[BlackElo "2204"]
[BlackRD "80"]
[GameID "741169"]

1. c4 d6 2. d4 e6 3. Nc3 e5 4. Nf3 Nc6 5. d5 Nce7 6. e4 g6 7. Be2 Bh6 8. Bxh6 Nxh6 9. Qd2 Neg8 10. h3 f6
11. O-O-O Nf7 12. Ne1 Kf8 13. g3 h6 14. Ng2 h5 15. f4 h4 16. gxh4 Bd7 17. Rdf1 Rh6 18. fxe5 dxe5 19. Bg4 Kg7 20. Qe2 b6
21. Rfg1 Nd6 22. b3 Kh8 23. Kb2 Qe7 24. Bxd7 Qxd7 25. Qf2 Qg7 26. Ne1 a6 27. Rg2 a5 28. a4 Rf8 29. c5 bxc5 30. Qxc5 Rxh4
31. Nf3 Rf4 32. Nd2 Rc8 33. Qxa5 g5 34. Rc1 Qd7 35. Nb5 Ne8 36. Rc2 Ne7 37. Qa7 Qd8 38. Rg3 Rh4 39. Rgc3 Rh7 40. Qg1 Ng6
41. Nc4 Rb8 42. Ne3 Nd6 43. Nxd6 Qxd6 44. Nf5 Qd8 45. Qf1 Nf4 46. Ka2 Rb6 47. Qc1 Rb7 48. Qf1
*

[Event "GABIJ "]
[Site "SchemingMind.com"]
[Date "2024.01.07"]
[Round "-"]
[White "JAHI"]
[Black "Derek Price"]
[Result "*"]
[WhiteCountry "INT"]
[BlackCountry "ENG"]
[WhiteElo "2204"]
[WhiteRD "80"]
[BlackElo "2373"]
[BlackRD "71"]
[GameID "741170"]

1. c3 Nf6 2. c4 e6 3. Nc3 c5 4. d3 Nc6 5. Bg5 Be7 6. e3 h6 7. Bxf6 Bxf6 8. Nf3 O-O 9. Be2 a6 10. Kf1 Rb8
11. Qd2 b5 12. h3 Qb6 13. b3 Rd8 14. Rd1 d5 15. cxb5 axb5 16. d4 c4 17. g3 Qa5 18. bxc4 dxc4 19. Ne4 Be7 20. Qxa5 Nxa5
21. Ne5 Bb7 22. Bf3 b4 23. Kg2 c3 24. Nd3 Ba6 25. Nec5 Bc4 26. Rc1 Bxc5 27. Nxc5 e5 28. a3 b3 29. Rxc3 b2 30. Nb7 exd4
31. Rc2 Nxb7 32. Rxb2 Nd6 33. Rxb8 Rxb8 34. exd4 Rb3 35. Ra1 Nb5 36. a4 Nxd4 37. Bd1 Rc3 38. h4 Ba6 39. a5 Kf8 40. Kh2 Rc5
41. Ra2 Nc6 42. g4 Rxa5 43. Rxa5 Nxa5 44. Kg2 Ke7 45. f3 Nc6 46. Kg3 Bc8 47. h5 Nd4 48. Kf4 Kd6 49. Ke4 Ne6 50. f4
*

[Event "GABIJ "]
[Site "SchemingMind.com"]
[Date "2024.01.07"]
[Round "-"]
[White "Derek Price"]
[Black "eliecercruzr"]
[Result "1/2-1/2"]
[WhiteCountry "ENG"]
[BlackCountry "CUB"]
[WhiteElo "2345"]
[WhiteRD "69"]
[BlackElo "2309"]
[BlackRD "60"]
[GameID "741171"]

1. c4 Nf6 2. g3 e5 3. Bg2 Nc6 4. Nc3 Bc5 5. e3 d5 6. cxd5 Nb4 7. d4 exd4 8. exd4 Be7 9. Nge2 Nbxd5 10. O-O Be6
11. Nf4 Nxf4 12. Bxf4 c6 13. Bg5 O-O 14. Bxf6 Bxf6 15. d5 cxd5 16. Nxd5 g6 17. Nxf6+ Qxf6 18. b3=
1/2-1/2

[Event "GABIJ "]
[Site "SchemingMind.com"]
[Date "2024.01.07"]
[Round "-"]
[White "eliecercruzr"]
[Black "Derek Price"]
[Result "0-1"]
[WhiteCountry "CUB"]
[BlackCountry "ENG"]
[WhiteElo "2313"]
[WhiteRD "60"]
[BlackElo "2373"]
[BlackRD "71"]
[GameID "741172"]

1. e4 c5 2. Nf3 d6 3. d4 cxd4 4. Nxd4 Nf6 5. Nc3 a6 6. Bc4 e6 7. Bb3 b5 8. O-O Be7 9. Qf3 Qb6 10. Be3 Qb7
11. Qg3 b4 12. Na4 Nbd7 13. f3 O-O 14. Rad1 Ne5 15. Nb6 Nh5 16. Qe1 Qxb6 17. Nxe6 Qb7 18. Nxf8 Bxf8 19. g4 Nf6 20. g5 Ne8
21. f4 Nc6 22. f5 Ne5 23. Bd5 Qb8 24. Bxa8 Qxa8 25. Bf4 Bb7 26. Rd4 a5 27. Qe3 Bc6 28. Rfd1 Qa7 29. Qf2 Qc5 30. b3 Nc7
31. Bxe5 Qxe5 32. Rc4 Qb5 33. h4 Qb7 34. g6 Ne8 35. gxf7+ Kxf7 36. Qe3 Be7 37. e5 Bd8 38. exd6 Bb6 39. Rdd4 Bd7 40. Kh2 Bxd4
41. Qxd4 h6 42. Rc5 Kf8 43. Qe5 Nf6 44. Kg1 Qf3 45. Rc7 Qd1+ 46. Kg2 Qg4+ 47. Kf2 Qxh4+ 48. Ke2 Qh5+ 49. Kd2 Qg5+ 50. Kd3 h5
51. Qxa5 Bxf5+ 52. Kc4 Be6+ 53. Kxb4 Qd2+ 54. Kb5 Bd7+
0-1

[Event "GABIJ "]
[Site "SchemingMind.com"]
[Date "2024.01.07"]
[Round "-"]
[White "Archon"]
[Black "Martin E. Hardwick"]
[Result "1-0"]
[WhiteCountry "CAN"]
[BlackCountry "ENG"]
[WhiteElo "1753"]
[WhiteRD "57"]
[BlackElo "1054"]
[BlackRD "79"]
[GameID "741173"]

1. d4 d5 2. Bf4 Bf5 3. e3 e6 4. Nf3 Nf6 5. c3 Bg4 6. Nbd2 Nbd7 7. h3 Bxf3 8. Nxf3 Bd6 9. Ne5 Bxe5 10. dxe5 Ne4
11. Bd3 Ndf6 12. exf6 Qxf6 13. Bxe4 dxe4 14. Bxc7 O-O 15. O-O Rac8 16. Bg3 Rfd8 17. Qc2 Rd3 18. Rad1 Rcd8 19. Bc7 R8d7 20. Ba5 b6
21. Bb4 Rxd1 22. Rxd1 Rxd1+ 23. Qxd1 a5 24. Ba3 g6 25. Qd4 e5 26. Qd6 Qg7 27. Qd8+ Qf8 28. Qxf8#
1-0

[Event "GABIJ "]
[Site "SchemingMind.com"]
[Date "2024.01.07"]
[Round "-"]
[White "Martin E. Hardwick"]
[Black "Archon"]
[Result "0-1"]
[WhiteCountry "ENG"]
[BlackCountry "CAN"]
[WhiteElo "1054"]
[WhiteRD "79"]
[BlackElo "1753"]
[BlackRD "57"]
[GameID "741174"]

1. d4 Nf6 2. Nf3 g6 3. Nc3 Bg7 4. e4 d6 5. Bb5+ c6 6. Be2 Qa5 7. O-O Bg4 8. e5 Nfd7 9. exd6 Bxf3 10. Bxf3 O-O
11. dxe7 Re8 12. Re1 Na6 13. Be3 Rxe7 14. Bf4 Rae8 15. Rxe7 Rxe7 16. Qf1 Qd8 17. Rd1 Qe8 18. d5 cxd5 19. Nxd5 Re6 20. Nc7 Nxc7
21. Bxc7 Bf8 22. Bg4 f5 23. Bf3 Kh8 24. Bxb7 Nc5 25. Rd8 Qf7 26. Bd5 Qxc7 27. Rxf8+ Kg7 28. Bxe6 Kxf8 29. Qc4 Qe5 30. g3 Qe1+
31. Kg2 Ne4 32. Qc8+ Kg7 33. Qg8+ Kh6 34. Qf8+ Kh5 35. Qe7 Qxf2+ 36. Kh3 Qf1#
0-1

[Event "GABIJ "]
[Site "SchemingMind.com"]
[Date "2024.01.06"]
[Round "-"]
[White "Archon"]
[Black "MazetaFighter"]
[Result "0-1"]
[WhiteCountry "CAN"]
[BlackCountry "GRE"]
[WhiteElo "1735"]
[WhiteRD "67"]
[BlackElo "2134"]
[BlackRD "77"]
[GameID "741175"]

1. d4 Nf6 2. Bf4 d5 3. e3 c5 4. c3 Nc6 5. Nd2 Bf5 6. Qb3 Qd7 7. Ngf3 c4 8. Qd1 e6 9. Be2 h6 10. Ne5 Nxe5
11. dxe5 Ne4 12. f3 Nxd2 13. Qxd2 a5 14. g4 Bh7 15. h4 Be7 16. h5 O-O 17. g5 hxg5 18. Bg3 Rfd8 19. f4 Kf8 20. fxg5 Bxg5
21. Bh4 Qe7 22. Bxg5 Qxg5 23. O-O-O Qf5
0-1

[Event "GABIJ "]
[Site "SchemingMind.com"]
[Date "2024.01.11"]
[Round "-"]
[White "MazetaFighter"]
[Black "Archon"]
[Result "1-0"]
[WhiteCountry "GRE"]
[BlackCountry "CAN"]
[WhiteElo "2141"]
[WhiteRD "84"]
[BlackElo "1753"]
[BlackRD "57"]
[GameID "741176"]

1. e4 c5 2. Nf3 d6 3. d4 cxd4 4. Nxd4 Nf6 5. Nc3 a6 6. Bc4 e6 7. Bb3 b5 8. O-O Be7 9. Qf3 Qb6 10. Be3 Qb7
11. Qg3 O-O 12. Bh6 Ne8 13. Rfe1 Bd7 14. Rad1 Nc6 15. Nd5 Bd8 16. Nf5
1-0

[Event "GABIJ "]
[Site "SchemingMind.com"]
[Date "2024.01.06"]
[Round "-"]
[White "Archon"]
[Black "Phillip Beckett"]
[Result "1-0"]
[WhiteCountry "CAN"]
[BlackCountry "ENG"]
[WhiteElo "1753"]
[WhiteRD "57"]
[BlackElo "1499"]
[BlackRD "52"]
[GameID "741177"]

1. d4 d5 2. Bf4 Nf6 3. e3 e6 4. Nd2 c5 5. c3 Nc6 6. Ngf3 Bd6 7. Bg3 Bxg3 8. hxg3 cxd4 9. exd4 O-O 10. Bd3 Bd7
11. Ne5 Qc7 12. g4 Nxe5 13. dxe5 Ne4 14. Nxe4 g6 15. Nf6+ Kg7 16. Rxh7#
1-0

[Event "GABIJ "]
[Site "SchemingMind.com"]
[Date "2024.01.06"]
[Round "-"]
[White "Phillip Beckett"]
[Black "Archon"]
[Result "1-0"]
[WhiteCountry "ENG"]
[BlackCountry "CAN"]
[WhiteElo "1499"]
[WhiteRD "52"]
[BlackElo "1753"]
[BlackRD "57"]
[GameID "741178"]

1. d4 Nf6 2. e3 d5 3. Bd3 c5 4. c3 cxd4 5. exd4 e6 6. Nf3 Nc6 7. O-O Be7 8. Re1 O-O 9. Ne5 Qc7 10. f4 a6
11. Nd2 Bd7 12. Ndf3 b5 13. Nxd7 Qxd7 14. Ne5 Qc7 15. Nxc6 Qxc6 16. f5 Rae8 17. fxe6 fxe6 18. Qc2 h6 19. Bg6 Rc8 20. Be3 b4
21. Rac1 bxc3 22. bxc3 Ba3 23. Rb1 Qxc3 24. Qxc3 Rxc3 25. Bd2 Rc2 26. Bxc2
1-0

[Event "GABIJ "]
[Site "SchemingMind.com"]
[Date "2024.01.11"]
[Round "-"]
[White "Archon"]
[Black "JimM"]
[Result "*"]
[WhiteCountry "CAN"]
[BlackCountry "USA"]
[WhiteElo "1735"]
[WhiteRD "67"]
[BlackElo "1702"]
[BlackRD "100"]
[GameID "741179"]

1. d4 Nf6 2. c4 c5 3. d5 g6 4. Nc3 e6 5. Nf3 exd5 6. cxd5 d6 7. Nd2 Nbd7 8. e4 Bg7 9. Be2 O-O 10. O-O Re8
11. a4 Ne5 12. Qc2 g5 13. Ra3 Qe7 14. Re1 Ng6 15. Nc4 Nxe4 16. Nxe4 Bf5 17. Bd3 Bxe4 18. Rxe4 Qd7 19. Bxg5 Rf8 20. Re1 a6
21. Nb6 Qg4 22. Qd2 Rae8
*

[Event "GABIJ "]
[Site "SchemingMind.com"]
[Date "2024.01.06"]
[Round "-"]
[White "JimM"]
[Black "Archon"]
[Result "*"]
[WhiteCountry "USA"]
[BlackCountry "CAN"]
[WhiteElo "1702"]
[WhiteRD "100"]
[BlackElo "1735"]
[BlackRD "67"]
[GameID "741180"]

1. e4 c5 2. Nf3 d6 3. d4 cxd4 4. Nxd4 Nf6 5. Nc3 a6 6. Be3 e5 7. Nb3 Be6 8. f3 h5 9. Qd2 Nbd7 10. O-O-O Be7
11. Kb1 b5 12. Nd5 Bxd5 13. exd5 Nb6 14. Bxb6 Qxb6 15. Na5 Rc8 16. Nc6 Nxd5 17. Nxe7 Nxe7 18. Qxd6 Qxd6 19. Rxd6 Rc6 20. Rxc6 Nxc6
21. c3 Ke7 22. Be2 Rd8 23. Kc2 g6 24. g3
*

[Event "GABIJ "]
[Site "SchemingMind.com"]
[Date "2024.01.07"]
[Round "-"]
[White "Archon"]
[Black "JAHI"]
[Result "0-1"]
[WhiteCountry "CAN"]
[BlackCountry "INT"]
[WhiteElo "1735"]
[WhiteRD "67"]
[BlackElo "2204"]
[BlackRD "80"]
[GameID "741181"]

1. d4 d6 2. e4 e6 3. Nc3 e5 4. Be3 Nc6 5. Bb5 a6 6. Bxc6+ bxc6 7. Nf3 Bg4 8. h3 Bxf3 9. gxf3 g6 10. Qd2 Qf6
11. O-O-O exd4 12. Bxd4 Bh6 13. Bxf6 Bxd2+ 14. Rxd2 Nxf6 15. Rhd1 Nh5 16. Ne2 f6 17. c4 c5 18. b3 Kd7 19. Rd5 Kc6 20. Kc2 a5
21. a4 Rae8 22. R5d2 Rhf8 23. Ng3 Nf4 24. h4 f5 25. h5 fxe4 26. fxe4 Ne6 27. hxg6 hxg6 28. Rh1 Nd4+ 29. Kb2 Rf3
0-1

[Event "GABIJ "]
[Site "SchemingMind.com"]
[Date "2024.01.07"]
[Round "-"]
[White "JAHI"]
[Black "Archon"]
[Result "1-0"]
[WhiteCountry "INT"]
[BlackCountry "CAN"]
[WhiteElo "2204"]
[WhiteRD "80"]
[BlackElo "1735"]
[BlackRD "67"]
[GameID "741182"]

1. c3 d5 2. d3 e5 3. f3 c5 4. f4 Nc6 5. Nf3 Bd6 6. g3 Nf6 7. Na3 Bg4 8. Bg2 O-O 9. h3 Be6 10. fxe5 Nxe5
11. Nxe5 Bxe5 12. Bf4 Qb8 13. e3 Bxf4 14. exf4 Qd6 15. Qd2 Rfe8 16. Kf2 Rad8 17. Rae1 a6 18. Re5 Nd7 19. Re2 Nf6 20. Rhe1 Bd7
21. Nc2 b5 22. Re5 Bc6 23. Qe3 g6 24. d4 Ne4+ 25. Bxe4 dxe4 26. dxc5 Qd2+ 27. Qxd2 Rxd2+ 28. Re2 Rxe2+ 29. Kxe2 Rxe5 30. fxe5 Kf8
31. Nb4 Bb7 32. c6 Bc8 33. h4 Ke7 34. Ke3 Bf5 35. Kd4 a5 36. Nc2 Kd8 37. a3 h5 38. b3 a4 39. b4 Kc7 40. Kc5
1-0

[Event "GABIJ "]
[Site "SchemingMind.com"]
[Date "2024.01.06"]
[Round "-"]
[White "Archon"]
[Black "eliecercruzr"]
[Result "0-1"]
[WhiteCountry "CAN"]
[BlackCountry "CUB"]
[WhiteElo "1753"]
[WhiteRD "57"]
[BlackElo "2292"]
[BlackRD "59"]
[GameID "741183"]

1. d4 Nf6 2. Bf4 c5 3. dxc5 Nc6 4. Nf3 e6 5. Bd6 Bxd6 6. cxd6 Qb6 7. b3 Ne4 8. e3 Qa5+ 9. Nfd2 Nxd6 10. Bd3 O-O
11. O-O Qe5 12. Na3 Qc5 13. Nac4 Nxc4 14. Bxc4 d5 15. Bd3 h6 16. Qh5 Qc3 17. Nf3 Bd7 18. Ng5 e5 19. Bh7+ Kh8 20. Rad1 f6
21. Nf7+ Kxh7 22. Rxd5 Be8 23. Rd3 Qc5
0-1

[Event "GABIJ "]
[Site "SchemingMind.com"]
[Date "2024.01.06"]
[Round "-"]
[White "eliecercruzr"]
[Black "Archon"]
[Result "1-0"]
[WhiteCountry "CUB"]
[BlackCountry "CAN"]
[WhiteElo "2292"]
[WhiteRD "59"]
[BlackElo "1753"]
[BlackRD "57"]
[GameID "741184"]

1. e4 c5 2. Nf3 d6 3. d4 cxd4 4. Nxd4 Nf6 5. Nc3 a6 6. Be3 e5 7. Nb3 Be6 8. Be2 Be7 9. O-O O-O 10. Qd3 Nbd7
11. Nd5 Bxd5 12. exd5 Rc8 13. c4 Qc7 14. Rac1 b6 15. Qf5 Nc5 16. Nd2 Qd7 17. Qxd7 Nfxd7 18. b4 Nb7 19. Bd1 b5 20. Bg4 f5
21. cxb5 axb5 22. Bxf5 Rxc1 23. Be6+ Kh8 24. Rxc1
1-0

[Event "GABIJ "]
[Site "SchemingMind.com"]
[Date "2024.01.07"]
[Round "-"]
[White "Martin E. Hardwick"]
[Black "MazetaFighter"]
[Result "0-1"]
[WhiteCountry "ENG"]
[BlackCountry "GRE"]
[WhiteElo "1054"]
[WhiteRD "79"]
[BlackElo "2141"]
[BlackRD "84"]
[GameID "741185"]

1. e4 e5 2. Nf3 Nc6 3. Bc4 Nf6 4. Nc3 Nxe4 5. d3 Nxc3 6. bxc3 d5 7. Bb5 Bd6 8. Bg5 f6 9. Bh4 a6 10. Bxc6+ bxc6
11. O-O Bg4 12. Re1 O-O 13. d4 e4 14. h3 Bh5 15. g4 Bg6 16. Nd2 Qd7 17. Kh1 f5 18. Rg1 f4 19. Qe2 f3 20. Qf1 Qf7
21. Bg3 Rae8 22. Bxd6 cxd6 23. Qxa6 e3 24. fxe3 Rxe3 25. Rae1 Rxc3 26. Rc1 f2 27. Rgf1 Be4+ 28. Nxe4 Qf3+ 29. Kh2 Qxh3#
0-1

[Event "GABIJ "]
[Site "SchemingMind.com"]
[Date "2024.01.11"]
[Round "-"]
[White "MazetaFighter"]
[Black "Martin E. Hardwick"]
[Result "1-0"]
[WhiteCountry "GRE"]
[BlackCountry "ENG"]
[WhiteElo "2141"]
[WhiteRD "84"]
[BlackElo "1054"]
[BlackRD "79"]
[GameID "741186"]

1. e4 e5 2. f4 Nc6 3. Nf3 Bc5 4. fxe5 d6 5. exd6 Qxd6 6. Nc3 Bg4 7. Bb5 Ne7 8. Na4 Bb4 9. O-O Bc5+ 10. Kh1 Bb6
11. Nxb6 axb6 12. d4 Bxf3 13. Qxf3 O-O 14. c3 Qg6 15. Bd3 Qd6 16. e5 Qd8 17. Bg5 h6 18. Qh5 Qc8 19. Rf6 Nd5 20. Rxh6
1-0

[Event "GABIJ "]
[Site "SchemingMind.com"]
[Date "2024.01.07"]
[Round "-"]
[White "Martin E. Hardwick"]
[Black "Phillip Beckett"]
[Result "0-1"]
[WhiteCountry "ENG"]
[BlackCountry "ENG"]
[WhiteElo "1054"]
[WhiteRD "79"]
[BlackElo "1499"]
[BlackRD "52"]
[GameID "741187"]

1. e4 e5 2. Nf3 Nc6 3. Bc4 Nf6 4. Nc3 Be7 5. d3 d6 6. Bb5 O-O 7. Bg5 h6 8. Be3 Bd7 9. Qc1 a6 10. Bc4 Na5
11. Bb3 Nxb3 12. axb3 Ng4 13. O-O Nxe3 14. Qxe3 f5 15. d4 f4 16. Qe2 Bf6 17. dxe5 dxe5 18. Rfd1 Qe7 19. Qc4+ Be6 20. Nd5 Bxd5
21. Qxd5+ Kh8 22. Qd7 Rad8 23. Qxe7 Bxe7 24. Rxd8 Rxd8 25. Nxe5 Kg8 26. Ng6 Bf6 27. e5 Bg5 28. e6 Rd2 29. e7 Kf7 30. e8=Q+ Kxe8
31. Re1+ Kf7 32. Ne5+ Kf6 33. Nf3 Rxc2 34. Nxg5 hxg5 35. Kf1 Rxb2 36. Rd1 Rxb3 37. Ke2 Rb2+ 38. Kf3 Rb3+ 39. Kg4 Rb2 40. Kf3 Rb6
41. g3 fxg3 42. fxg3 Rb3+ 43. Kf2 Rb2+ 44. Kg1 a5 45. Rd4 b5 46. h4 a4 47. hxg5+ Kxg5 48. Rd5+ Kg4 49. Rxb5 Rxb5
0-1

[Event "GABIJ "]
[Site "SchemingMind.com"]
[Date "2024.01.07"]
[Round "-"]
[White "Phillip Beckett"]
[Black "Martin E. Hardwick"]
[Result "1-0"]
[WhiteCountry "ENG"]
[BlackCountry "ENG"]
[WhiteElo "1499"]
[WhiteRD "52"]
[BlackElo "1054"]
[BlackRD "79"]
[GameID "741188"]

1. d4 d5 2. e3 Nf6 3. Bd3 a6 4. Nd2 Bg4 5. Ne2 e6 6. f3 Bh5 7. O-O Be7 8. f4 Ne4 9. Nxe4 dxe4 10. Bxe4 Bxe2
11. Qxe2 O-O 12. c3 f5 13. Bxb7 Nd7 14. Bxa8 Qxa8 15. Rf3 Bh4 16. Rh3 Qd8 17. Qh5 Bf2+ 18. Kxf2 h6 19. Bd2 Nf6 20. Qg6 Qe7
21. Rxh6 Qf7 22. Qxf7+ Rxf7 23. Rg6 Ne4+ 24. Ke2 Kh7 25. Rxe6 g6 26. Be1 g5 27. fxg5 Nxg5 28. Re5 Kh6 29. Bh4 Rf6 30. Bxg5+ Kxg5
31. e4 Kf4 32. Rxf5+ Rxf5 33. exf5 Kxf5 34. Kf3
1-0

[Event "GABIJ "]
[Site "SchemingMind.com"]
[Date "2024.01.11"]
[Round "-"]
[White "Martin E. Hardwick"]
[Black "JimM"]
[Result "*"]
[WhiteCountry "ENG"]
[BlackCountry "USA"]
[WhiteElo "1131"]
[WhiteRD "75"]
[BlackElo "1702"]
[BlackRD "100"]
[GameID "741189"]

1. e4 e5 2. Nf3 Nc6 3. Bc4 Nf6 4. Nc3 Nxe4 5. d3 Nxf2 6. Kxf2 Bc5+ 7. Be3 Bxe3+ 8. Kxe3 d5 9. Bxd5 O-O 10. Be4 Bg4
11. h3 Be6 12. Kf2 Qf6 13. Nd5 Qd8 14. Ng5 Qxg5 15. Kg1 Rac8 16. Qc1 Qd8 17. Qd1 Bxd5 18. Bxd5 Qxd5 19. Qf3 Qd4+ 20. Kh2 Qxb2
21. Rhb1 Qxc2 22. Rxb7 Nd4 23. Qf1 a5 24. Ra7 Ra8 25. Rxa8 Rxa8 26. Rc1 Qxa2
*

[Event "GABIJ "]
[Site "SchemingMind.com"]
[Date "2024.01.07"]
[Round "-"]
[White "JimM"]
[Black "Martin E. Hardwick"]
[Result "*"]
[WhiteCountry "USA"]
[BlackCountry "ENG"]
[WhiteElo "1702"]
[WhiteRD "100"]
[BlackElo "1131"]
[BlackRD "75"]
[GameID "741190"]

1. e4 e5 2. Nf3 Nc6 3. d4 Bb4+ 4. c3 Ba5 5. dxe5 d6 6. exd6 cxd6 7. Bc4 Be6 8. Bxe6 fxe6 9. Ng5 Qf6 10. O-O O-O-O
11. b4 Bc7 12. Nf3 d5 13. Bg5 Qg6 14. Bxd8 Bxd8 15. exd5 exd5 16. Re1 Nf6 17. Ne5 Nxe5 18. Rxe5 Re8 19. f4 Bb6+ 20. Kf1 Rxe5
21. fxe5 Qf5+ 22. Qf3 Qxf3+ 23. gxf3 Nh5 24. Nd2 Kd7 25. Re1 Nf4 26. a4 a6 27. a5 Bc7 28. Re3 b6 29. axb6
*